00485cam a2200181 a 4500001000800000005001700008008004100025010001700066020002200083040001800105041000800123080001700131082002100148100000700169101000800176245008900184504003000273326216520180226032043.0830201s1982 nyua b 001 0 eng  a 81051836  a0312358083 (pbk.) aDLCcDLCdDLC aeng a808.0666 BRU00a808.0666 BRU2191 a25 aEDU10aHandbook of technical writing /cCharles T. Brusaw, Gerald J. Alred, Walter E. Oliu. aBibliography: p. 636-638.